[Event "Landesliga Nord 1011"]
[Site "Bayern"]
[Date "2011.03.20"]
[Round "8.7"]
[White "Nigmatulin, Anatolij"]
[Black "Dietrich, Reinhard"]
[Result "0-1"]
[WhiteElo "1996"]
[BlackElo "1988"]
[PlyCount "76"]
[EventDate "2010.10.10"]
[EventType "team-tourn"]
[EventRounds "9"]
[EventCountry "GER"]
[SourceTitle "EXT 2012"]
[Source "ChessBase"]
[SourceDate "2011.11.24"]
[SourceVersion "1"]
[SourceVersionDate "2011.11.24"]
[SourceQuality "1"]
[WhiteTeam "Bamberg"]
[BlackTeam "Neutraubling"]
[WhiteTeamCountry "GER"]
[BlackTeamCountry "GER"]

1. e4 e6 2. d3 d5 3. Nd2 Nf6 4. Ngf3 b6 5. c3 Bb7 6. e5 Nfd7 7. d4 c5 8. Bb5 Nc6 9. 0-0 Qc7 10. Re1 Be7 11. Nf1 h6 12. Ng3 0-0-0 13. h3 Rdg8 14. Nh2 g6 15. f4 a6 16. Bxc6 Bxc6 17. a4 Kb7 18. Rf1 f5 19. exf6 Bxf6 20. Ng4 Bh4 21. Ne2 g5 22. g3 h5 23. Ne5 Bxg3 24. Nxg3 gxf4 25. Bxf4 h4 26. Ng4 e5 27. dxe5 hxg3 28. e6 Qd8 29. exd7 Rxh3 30. Kg2 Qh4 31. d8N+ Rxd8 32. Ne5 Rh2+ 33. Kf3 Qh5+ 34. Ke3 d4+ 35. cxd4 cxd4+ 36. Kd3 Qf5+ 37. Kc4 Bd5+ 38. Kb4 Qf8# 0-1

[Event "Landesliga Nord 1011"]
[Site "Bayern"]
[Date "2010.11.14"]
[Round "3.6"]
[White "Haag, Wolfgang"]
[Black "Nigmatulin, Anatolij"]
[Result "1-0"]
[WhiteElo "2184"]
[BlackElo "1996"]
[PlyCount "59"]
[EventDate "2010.10.10"]
[EventType "team-tourn"]
[EventRounds "9"]
[EventCountry "GER"]
[SourceTitle "EXT 2012"]
[Source "ChessBase"]
[SourceDate "2011.11.24"]
[SourceVersion "1"]
[SourceVersionDate "2011.11.24"]
[SourceQuality "1"]
[WhiteTeam "Schweinfurt"]
[BlackTeam "Bamberg"]
[WhiteTeamCountry "GER"]
[BlackTeamCountry "GER"]

1. d4 Nf6 2. c4 g6 3. Nc3 Bg7 4. e4 0-0 5. Nf3 d6 6. Be2 e5 7. 0-0 Nc6 8. Be3 Ng4 9. Bg5 f6 10. Bc1 f5 11. d5 Ne7 12. exf5 gxf5 13. Ng5 Nf6 14. f4 e4 15. Be3 Kh8 16. Rc1 h6 17. Nh3 c5 18. dxc6 bxc6 19. Qd2 d5 20. Rfd1 Be6 21. cxd5 cxd5 22. Nb5 Bg8 23. Nf2 Ng6 24. Nh1 Rf7 25. Ng3 Nh4 26. Nd4 Ng4 27. Bxg4 fxg4 28. Ne6 Qd7 29. Nxg7 Kxg7 30. Nxe4 1-0

[Event "Forchheim op 9th"]
[Site "Forchheim"]
[Date "2010.10.02"]
[Round "3"]
[White "Nigmatulin, Anatolij"]
[Black "Loehr, Markus"]
[Result "1/2-1/2"]
[WhiteElo "1981"]
[BlackElo "2256"]
[PlyCount "29"]
[EventDate "2010.10.01"]
[EventType "swiss"]
[EventRounds "5"]
[EventCountry "GER"]
[SourceTitle "CBM 138 Extra"]
[Source "ChessBase"]
[SourceDate "2010.10.29"]
[SourceVersion "1"]
[SourceVersionDate "2010.10.29"]
[SourceQuality "1"]

1. e4 d5 2. exd5 Qxd5 3. Nc3 Qa5 4. d4 Nf6 5. Nf3 c6 6. Bd2 Bf5 7. Ne4 Qc7 8. Nxf6+ gxf6 9. g3 e6 10. Bg2 Nd7 11. Nh4 Bg6 12. 0-0 Be7 13. c4 Rd8 14. Qe2 0-0 15. Nxg6 1/2-1/2

[Event "Seebach op 19th"]
[Site "Grossenseebach"]
[Date "2008.05.22"]
[Round "2"]
[White "Jorczik, Julian Marcel"]
[Black "Nigmatulin, Anatolij"]
[Result "1-0"]
[WhiteElo "2338"]
[BlackElo "1945"]
[PlyCount "57"]
[EventDate "2008.05.25"]
[EventType "swiss"]
[EventRounds "7"]
[EventCountry "GER"]
[SourceTitle "EXT 2018"]
[Source "ChessBase"]
[SourceDate "2017.10.13"]
[SourceVersion "1"]
[SourceVersionDate "2017.10.13"]
[SourceQuality "1"]

1. d4 e6 2. c4 d5 3. Nc3 Be7 4. Nf3 Nf6 5. Bf4 0-0 6. e3 c5 7. dxc5 Bxc5 8. Qc2 Nc6 9. a3 Qa5 10. Nd2 Be7 11. Bg3 Bd7 12. Be2 Rac8 13. 0-0 Qd8 14. Qd3 Be8 15. cxd5 Nxd5 16. Nxd5 exd5 17. b4 Bf6 18. Rac1 Ne7 19. e4 dxe4 20. Nxe4 Bb2 21. Rb1 Qxd3 22. Bxd3 Bxa3 23. Bd6 Nd5 24. Rb3 Bc1 25. Bxf8 Kxf8 26. Nd6 Rc7 27. Re1 Ba4 28. Bb5 Bxb5 29. Nxb5 1-0

[Event "Regionalliga NW 0708"]
[Site "Bayern"]
[Date "2008.03.09"]
[Round "7.6"]
[White "Kuegel, Konrad"]
[Black "Nigmatulin, Anatolij"]
[Result "1/2-1/2"]
[WhiteElo "2050"]
[BlackElo "1982"]
[PlyCount "87"]
[EventDate "2007.10.21"]
[EventType "team-tourn"]
[EventRounds "9"]
[EventCountry "GER"]
[SourceTitle "EXT 2009"]
[Source "ChessBase"]
[SourceDate "2008.11.26"]
[SourceVersion "1"]
[SourceVersionDate "2008.11.26"]
[SourceQuality "1"]
[WhiteTeam "Schweinfurt"]
[BlackTeam "Bamberg II"]
[WhiteTeamCountry "GER"]
[BlackTeamCountry "GER"]

1. d4 e6 2. c4 d5 3. Nf3 Nf6 4. Nc3 Be7 5. e3 0-0 6. Be2 c6 7. 0-0 b6 8. Ne5 Ba6 9. Qc2 Nfd7 10. cxd5 Bxe2 11. Qxe2 Nxe5 12. dxe5 cxd5 13. b3 Nd7 14. f4 Bb4 15. Nb5 a6 16. Ba3 Bxa3 17. Nxa3 Nc5 18. Rac1 Qe7 19. Nb1 Ne4 20. Nd2 Nxd2 21. Qxd2 Rac8 22. Qd4 Qb7 23. Qb4 Rc6 24. Rxc6 Qxc6 25. Qd6 Rc8 26. Qxc6 Rxc6 27. Rd1 g6 28. Rd2 Kg7 29. Kf2 f6 30. e4 fxe5 31. exd5 Rd6 32. fxe5 Rxd5 33. Rc2 Rxe5 34. Rc6 Ra5 35. a4 Kf6 36. Rxb6 Ke5 37. Ke3 Kd5 38. Kd3 e5 39. Rb8 Rc5 40. b4 e4+ 41. Kd2 Rc4 42. Rd8+ Ke5 43. Re8+ Kd4 44. Rd8+ 1/2-1/2

[Event "Oberfranken-ch M 0607"]
[Site "Schney"]
[Date "2007.01.03"]
[Round "4"]
[White "Nigmatulin, Anatolij"]
[Black "Dimitrov, Dimitre"]
[Result "1-0"]
[WhiteElo "1863"]
[BlackElo "1887"]
[PlyCount "71"]
[EventDate "2007.01.02"]
[EventType "swiss"]
[EventRounds "9"]
[EventCountry "GER"]
[SourceTitle "EXT 2015"]
[Source "ChessBase"]
[SourceDate "2014.11.20"]
[SourceVersion "1"]
[SourceVersionDate "2014.11.20"]
[SourceQuality "1"]

1. d4 Nf6 2. c4 g6 3. Nc3 Bg7 4. e4 d6 5. Nf3 0-0 6. Be2 e5 7. 0-0 Nc6 8. d5 Ne7 9. b4 b6 10. a4 a5 11. Ba3 Nd7 12. Nd2 f5 13. f3 f4 14. Qb3 axb4 15. Bxb4 Kh8 16. Nb5 Rf6 17. a5 Ba6 18. axb6 Nxb6 19. c5 dxc5 20. Bxc5 Nd7 21. Bf2 Rb8 22. d6 Bxb5 23. dxe7 Qxe7 24. Bxb5 c6 25. Qc3 cxb5 26. Bh4 Bf8 27. Bxf6+ Nxf6 28. Rfb1 Nd7 29. Kf1 b4 30. Qc7 Rd8 31. Nc4 Qh4 32. Nd6 Kg8 33. Qc4+ Kg7 34. Qf7+ Kh6 35. Ra6 Nc5 36. Nf5+ 1-0

[Event "Oberfranken-ch M 0607"]
[Site "Schney"]
[Date "2007.01.02"]
[Round "1"]
[White "Geisensetter, Franz"]
[Black "Nigmatulin, Anatolij"]
[Result "1-0"]
[WhiteElo "2041"]
[BlackElo "1863"]
[PlyCount "71"]
[EventDate "2007.01.02"]
[EventType "swiss"]
[EventRounds "9"]
[EventCountry "GER"]
[SourceTitle "EXT 2015"]
[Source "ChessBase"]
[SourceDate "2014.11.20"]
[SourceVersion "1"]
[SourceVersionDate "2014.11.20"]
[SourceQuality "1"]

1. e4 e6 2. d4 d5 3. Nd2 c5 4. exd5 Qxd5 5. dxc5 Bxc5 6. Ngf3 Nf6 7. Bc4 Qd6 8. 0-0 0-0 9. c3 a6 10. b4 Ba7 11. Qe2 b5 12. Bb3 Bb7 13. Bb2 Nbd7 14. Rad1 Qc6 15. c4 bxc4 16. Nxc4 Qe4 17. Qxe4 Bxe4 18. Nce5 Nxe5 19. Nxe5 Bd5 20. Rd3 Bxb3 21. Rxb3 Ne4 22. Nc6 f6 23. Rd3 Rf7 24. Nxa7 Raxa7 25. f3 Ng5 26. h4 Rfb7 27. hxg5 Rxb4 28. Bc3 Ra4 29. gxf6 gxf6 30. Bxf6 Rxa2 31. f4 Kf7 32. Be5 Kg6 33. Re1 Rb7 34. Rg3+ Kh5 35. Rg5+ Kh4 36. Re3 1-0

[Event "Regionalliga NW 0607"]
[Site "Bayern"]
[Date "2006.11.19"]
[Round "3.7"]
[White "Nigmatulin, Anatolij"]
[Black "Suess, Mirco"]
[Result "1/2-1/2"]
[WhiteElo "1863"]
[BlackElo "1922"]
[PlyCount "55"]
[EventDate "2006.10.15"]
[EventType "team-tourn"]
[EventRounds "9"]
[EventCountry "GER"]
[SourceTitle "EXT 2008"]
[Source "ChessBase"]
[SourceDate "2007.11.25"]
[SourceVersion "1"]
[SourceVersionDate "2007.11.25"]
[SourceQuality "1"]
[WhiteTeam "Bamberg II"]
[BlackTeam "Klingenberg"]
[WhiteTeamCountry "GER"]
[BlackTeamCountry "GER"]

1. d4 d5 2. Nf3 c5 3. c4 e6 4. cxd5 exd5 5. Nc3 Be6 6. g3 Nc6 7. Bg2 Rc8 8. 0-0 Bd6 9. Nb5 Bb8 10. dxc5 a6 11. Nd6+ Bxd6 12. cxd6 Qxd6 13. Bf4 Qe7 14. Rc1 Nf6 15. Ne5 0-0 16. Nxc6 bxc6 17. Qa4 Qb7 18. b4 Ne4 19. Be3 Qb5 20. Qxb5 cxb5 21. Bd4 f6 22. f3 Nd2 23. Rfd1 Rxc1 24. Rxc1 Rc8 25. Rxc8+ Bxc8 26. Kf2 Bf5 27. Bc3 Nc4 28. e4 1/2-1/2

[Event "Oberfranken-ch Q 0506"]
[Site "Schney"]
[Date "2006.01.02"]
[Round "2"]
[White "Nigmatulin, Anatolij"]
[Black "Voss, Guenther"]
[Result "0-1"]
[WhiteElo "1737"]
[BlackElo "1900"]
[PlyCount "96"]
[EventDate "2006.01.02"]
[EventType "swiss"]
[EventRounds "6"]
[EventCountry "GER"]
[SourceTitle "EXT 2015"]
[Source "ChessBase"]
[SourceDate "2014.11.20"]
[SourceVersion "1"]
[SourceVersionDate "2014.11.20"]
[SourceQuality "1"]

1. e4 c5 2. Nf3 Qc7 3. d3 Nc6 4. g3 d6 5. Bg2 g6 6. 0-0 Bg7 7. Nbd2 Bg4 8. c3 Qd7 9. Re1 e5 10. Qc2 Nge7 11. a3 a5 12. Nc4 Nc8 13. a4 0-0 14. Nfd2 Be6 15. Ne3 Nb6 16. Ndc4 Nxc4 17. dxc4 Rad8 18. b3 Ne7 19. Ba3 f5 20. exf5 Nxf5 21. Nd5 Kh8 22. Rad1 Bxd5 23. Rxd5 Ne7 24. Rdd1 b6 25. Bc1 Bf6 26. Qe4 Qf5 27. Rd3 Qxe4 28. Bxe4 Nf5 29. Red1 Be7 30. h4 Kg7 31. Bg5 Kf7 32. Rf3 Bxg5 33. hxg5 Ke7 34. Rfd3 Ng7 35. Bd5 Rf5 36. Kg2 Rxg5 37. f3 Nh5 38. Kf2 Rxg3 39. Rh1 Rg5 40. Rd2 Rf8 41. Be4 Nf6 42. Ke3 h5 43. Rhd1 Rd8 44. Rb1 Rf8 45. Rbd1 Nxe4 46. Kxe4 Rf6 47. Rd3 Rgf5 48. Kd5 Kd7 0-1